|
|
|
|
| LEADER |
02090nam a2200529 4500 |
| 001 |
on1000520536 |
| 003 |
OCoLC |
| 005 |
20180501122037.0 |
| 006 |
m o d |
| 007 |
cr cnu|||unuuu |
| 008 |
170814s2017 mau o 000 0 eng d |
| 040 |
|
|
|a N$T
|b eng
|e rda
|e pn
|c N$T
|d OPELS
|d N$T
|d IDEBK
|d OCLCF
|d UPM
|d YDX
|d D6H
|d GrThAP
|
| 019 |
|
|
|a 1001277643
|
| 020 |
|
|
|a 9780128126042
|q (electronic bk.)
|
| 020 |
|
|
|a 0128126043
|q (electronic bk.)
|
| 020 |
|
|
|a 9780128126035
|q (print)
|
| 020 |
|
|
|a 0128126035
|
| 035 |
|
|
|a (OCoLC)1000520536
|z (OCoLC)1001277643
|
| 050 |
|
4 |
|a RC382
|
| 072 |
|
7 |
|a HEA
|x 039000
|2 bisacsh
|
| 072 |
|
7 |
|a MED
|x 014000
|2 bisacsh
|
| 072 |
|
7 |
|a MED
|x 022000
|2 bisacsh
|
| 072 |
|
7 |
|a MED
|x 112000
|2 bisacsh
|
| 072 |
|
7 |
|a MED
|x 045000
|2 bisacsh
|
| 082 |
0 |
4 |
|a 616.8/33
|2 23
|
| 049 |
|
|
|a TEFA
|
| 245 |
0 |
0 |
|a Nonmotor Parkinson's :
|b the hidden face management and the hidden face of related disorders /
|c edited by K. Ray Chaudhuri and Nataliya Titova.
|
| 264 |
|
1 |
|a Cambridge, MA :
|b Academic Press is an imprint of Elsevier,
|c 2017.
|
| 300 |
|
|
|a 1 online resource.
|
| 336 |
|
|
|a text
|b txt
|2 rdacontent
|
| 337 |
|
|
|a computer
|b c
|2 rdamedia
|
| 338 |
|
|
|a online resource
|b cr
|2 rdacarrier
|
| 490 |
1 |
|
|a International review of neurobiology ;
|v volume 134
|
| 588 |
0 |
|
|a Online resource; title from PDF title page (ScienceDirect, viewed August 16, 2017).
|
| 650 |
|
0 |
|a Parkinson's disease.
|
| 650 |
|
7 |
|a HEALTH & FITNESS / Diseases / General
|2 bisacsh
|
| 650 |
|
7 |
|a MEDICAL / Clinical Medicine
|2 bisacsh
|
| 650 |
|
7 |
|a MEDICAL / Diseases
|2 bisacsh
|
| 650 |
|
7 |
|a MEDICAL / Evidence-Based Medicine
|2 bisacsh
|
| 650 |
|
7 |
|a MEDICAL / Internal Medicine
|2 bisacsh
|
| 650 |
|
7 |
|a Parkinson's disease.
|2 fast
|0 (OCoLC)fst01053693
|
| 655 |
|
4 |
|a Electronic books.
|
| 700 |
1 |
|
|a Chaudhuri, K. Ray,
|e editor.
|
| 700 |
1 |
|
|a Titova, Nataliya,
|e editor.
|
| 776 |
0 |
8 |
|c Original
|z 9780128126035
|z 0128126035
|w (OCoLC)974698711
|
| 830 |
|
0 |
|a International review of neurobiology ;
|v v. 134.
|
| 856 |
4 |
0 |
|u https://www.sciencedirect.com/science/bookseries/00747742/134
|z Full Text via HEAL-Link
|